| 000 | 00912 a2200217 4500 | ||
|---|---|---|---|
| 003 | Nust | ||
| 005 | 20221111113216.0 | ||
| 010 | _a 75142120 | ||
| 020 | _a0135367972 | ||
| 040 | _cNust | ||
| 082 | 0 | 0 | _a512.5,HOF |
| 100 | 1 |
_aHoffman, Kenneth. _9102563 |
|
| 245 | 0 | 0 |
_aLinear algebra / _cKenneth Hoffman, Ray Kunze. |
| 250 | _a2nd ed. | ||
| 260 |
_aIndia _bPearson Education _c[1971] |
||
| 300 |
_aviii, 407 p. _billus. _c25 cm. |
||
| 505 | _aLinear equations (Page-1), Vector spaces (Page-28), Linear transformations (Page-67), Polynomials (Page-117), Determinants (Page-140), Elementary canonical forms (Page-181), The rational and jordan forms (Page-227), Inner product spaces (Page-270), Operators on Inner product spaces (Page-319), Bilinear forms (Page-359), Appendix (Page-386). | ||
| 650 | 0 |
_aAlgebras, Linear. _910720 |
|
| 700 | 1 |
_aKunze, Ray Alden, _d1928- _9102564 |
|
| 942 |
_2ddc _cBK _k512.5,HOF |
||
| 999 |
_c182071 _d182071 |
||